000 00605cam a22002293a 4500
001 20202
003 PGUSA
005 20140828083428.0
008 061228s2006||||xxu|||||s|||||000 | eng d
040 _aPGUSA
_beng
042 _adc
050 4 _aSB
245 1 0 _aWalnut Growing in Oregon
_h[electronic resource]
260 _bProject Gutenberg,
_c2006
506 _aPublic domain in the USA.
516 _aElectronic text
653 _aWalnut
700 1 _aCooper, Jacob Calvin,
_d1845-1937
830 0 _aProject Gutenberg
_v20202
856 4 0 _uhttp://www.gutenberg.org/ebooks/20202
942 _cEB
999 _c249457
_d249457